Asia by First and Last Letters Blitz Quiz Stats

 Plays Quiz Updated Jul 11, 2017

Support Sporcle.
Go Orange.
Score 0/49 Timer 01:30
1 Play Today
% Correct
China 
97.4%
Cambodia 
97.2%
India 
96.5%
Indonesia 
96.4%
South Korea 
96.2%
Syria 
96.1%
Sri Lanka 
96.1%
Saudi Arabia 
96.1%
Russia 
95.3%
Japan 
94%
Jordan 
93.9%
Mongolia 
92.8%
Malaysia 
92.7%
Kazakhstan 
87.6%
Kyrgyzstan 
87.5%
Iran 
87.2%
Taiwan 
85.1%
Turkmenistan 
85.1%
Tajikistan 
85%
Afghanistan 
84.5%
Azerbaijan 
84.5%
Pakistan 
84%
Iraq 
83.4%
Turkey 
82.7%
North Korea 
80%
% Correct
Yemen 
79.9%
Oman 
79.6%
Vietnam 
78.1%
Thailand 
76.6%
Nepal 
76.2%
Laos 
75.1%
Philippines 
73.5%
Uzbekistan 
72.1%
Bhutan 
71.7%
Bahrain 
71.7%
Bangladesh 
68.6%
Israel 
68.3%
Myanmar 
67.9%
United Arab Emirates 
65.9%
Qatar 
61.3%
Georgia 
59.6%
Armenia 
57.6%
Kuwait 
54.3%
Palestine 
51.5%
Lebanon 
50%
Singapore 
41%
Brunei 
38.7%
Timor-Leste
37.1%
Maldives 
33.7%

You're not logged in!

Compare scores with friends on all Sporcle quizzes.
OR
Log In
Forgot?

From the Vault

MLB World Series Winning Managers

by Ben

Congratulations to this year's world champs!
Remove Ads.
Support Sporcle.
Get the best of Sporcle when you Go Orange. This ad-free experience offers more features, more stats, and more fun while also helping to support Sporcle. Thank you for becoming a member.

Show Comments

Extras

Top Quizzes Today


Score Distribution

Your Account Isn't Verified!

In order to create a playlist on Sporcle, you need to verify the email address you used during registration. Go to your Sporcle Settings to finish the process.

Report this User

Report this user for behavior that violates our Community Guidelines.

Details: